IATA Airport Codes by City (OCEANIA) - Statistics

General Stats
  • This quiz has been taken 444 times
  • The average score is 13 of 27
Answer Stats
Hint Answer % Correct
MEL Melbourne
99%
PER Perth
93%
ADL Adelaide
88%
BNE Brisbane
86%
WLG Wellington
86%
CHC Christchurch
75%
DRW Darwin
70%
CBR Canberra
66%
CNS Cairns
65%
SUV Suva
64%
HBA Hobart
58%
POM Port Moresby
56%
APW Apia
53%
OOL Gold Coast
51%
DUD Dunedin
40%
FUN Funafuti
40%
MAJ Majuro
36%
HIR Honiara
34%
NTL Newcastle
25%
TBU Nuku Alofa
25%
NPE Napier
23%
HLZ Hamilton
21%
ROK Rockhampton
21%
KGI Kalgoorlie
16%
ROR Koror
14%
TRG Tauranga
13%
NPL New Plymouth
12%
No matching quizzes found
Score Distribution
Percent of People with Each Score
Percentile by Number Answered
Your Score History
You have not taken this quiz